| 000 -ლიდერი |
| ფიქსირებული სიგრძის საკონტროლო ველი |
01447nam a2200289Ia 4500 |
| 001 - საკონტროლო ნომერი |
| საკონტროლო ველი |
20061 |
| 003 - საკონტროლო ნომრის იდენტიფიკატორი |
| საკონტროლო ველი |
GE_BSU |
| 005 - ბოლო ოპერაციის თარიღი და დრო |
| საკონტროლო ველი |
20210706112741.0 |
| 008 - ფიქსირებული სიგრძის მონაცემთა ელემენტები - ზოგადი ინფორმაცია |
| ფიქსირებული სიგრძის საკონტროლო ველი |
181216s2009||||ge |||||||||||||| ||geo|| |
| 020 ## - წიგნის საერთაშორისო სტანდარტული ნომერი |
| International Standard Book Number |
9789941141720 |
| 040 ## - კატალოგიზაციის წყარო |
| Transcribing agency |
GE_BSU |
| 041 ## - ენის კოდი |
| Language code of text/sound track or separate title |
geo |
| 080 ## - უნივერსალური ათობითი კლასიფიკაციის ინდექსი |
| Universal Decimal Classification number |
51(075.4)+ 514(075.4)+ 51(076.1) მ-15 |
| 245 ## - ცნობა სათაურის შესახებ |
| Title |
მათემატიკა : |
| Remainder of title |
ნაწ. 2 : გეომეტრია. (თეორია და ამოცანათა კრებული) / |
| Statement of responsibility, etc |
ს. თოფურია, ვ. ხოჭოლავა, გ. აბესაძე, ზ. მეტრეველი; ს. თოფურიას რედ. |
| 250 ## - გამოცემის ცნობა |
| Edition statement |
მე - 5 გადამუშავებული გამოცემა. |
| 264 ## - წარმოების, გამოცემის, დისტრიბუციის და სხვა ცნობები |
| გამოცემის, წარმოების, დისტრიბუციის... ადგილი |
თბილისი |
| გამოცემის, წარმოების, დისტრიბუციის... სახელწოდება |
[ტექნ. უნ-ტი], |
| გამოცემის, წარმოების, დისტრიბუციის... თარიღი |
2009. |
| 300 ## - ფიზიკური აღწერა |
| Extent |
320გვ. : |
| Other physical details |
ნახ.; |
| Dimensions |
20 სმ. |
| 653 ## - INDEX TERM--UNCONTROLLED |
| Uncontrolled term |
გეომეტრია |
| 653 ## - INDEX TERM--UNCONTROLLED |
| Uncontrolled term |
თეორია და ამოცანათა კრებული |
| 653 ## - INDEX TERM--UNCONTROLLED |
| Uncontrolled term |
მათემატიკა |
| 700 ## - ADDED ENTRY--PERSONAL NAME |
| Personal name |
თოფურია, ს. |
| Relator term |
ავტორი |
| 9 (RLIN) |
12193 |
| 700 ## - ADDED ENTRY--PERSONAL NAME |
| Personal name |
ხოჭოლავა, ვ. |
| Relator term |
ავტორი |
| 9 (RLIN) |
12194 |
| 700 ## - ADDED ENTRY--PERSONAL NAME |
| Personal name |
აბესაძე, გ. |
| Relator term |
ავტორი |
| 9 (RLIN) |
1415 |
| 700 ## - ADDED ENTRY--PERSONAL NAME |
| Personal name |
მეტრეველი, ზ. |
| Relator term |
ავტორი |
| 9 (RLIN) |
5368 |
| 700 ## - ADDED ENTRY--PERSONAL NAME |
| Personal name |
თოფურია, ს. |
| Relator term |
რედაქტორი |
| 9 (RLIN) |
12193 |
| 942 ## - ADDED ENTRY ELEMENTS (KOHA) |
| Koha item type |
წიგნი |
| Source of classification or shelving scheme |
|